000 00395nam a2200157Ia 4500
008 210716s1993 xx 000 0 und d
041 _aeng
082 _a005.302 WALJ
100 _aWalkenbach, John.
245 _a123 for dummies: quick reference.
_bQuick reference.
250 _a1
260 _aNew Delhi
_bPustak mahal
_c1993
300 _a160
650 _aNone
700 _aGookin, Dan.
999 _c182885
_d182885